Catálogo público

Antecedentes bibliográficos de 5 sistemas, productos y caracterización de 25 agroindustrias en los estados mexicanos de Sinaloa, Nayarit, Jalisco, Guanajuato y Querétaro / (Record no. 176816)

MARC details
000 -CABECERA
campo de control de longitud fija 03271nam a2200541Ia 4500
001 - NÚMERO DE CONTROL
campo de control dia_5858
003 - IDENTIFICADOR DEL NÚMERO DE CONTROL
campo de control CHAP
005 - FECHA Y HORA DE LA ÚLTIMA TRANSACCIÓN
campo de control 20240425090335.0
007 - CAMPO FIJO DE DESCRIPCIÓN FÍSICA--INFORMACIÓN GENERAL
campo de control de longitud fija ta
008 - DATOS DE LONGITUD FIJA--INFORMACIÓN GENERAL
campo de control de longitud fija 220117s2015 mx abdof 001 0 spa d
040 ## - FUENTE DE LA CATALOGACIÓN
Centro catalogador/agencia de origen mxchpua
Centro/agencia transcriptor CHAP
090 ## - LOCALMENTE ASIGNADO TIPO-LC NÚMERO DE CLASIFICACIÓN (OCLC); NÚMERO DE CLASIFICACIÓN LOCAL (RLIN)
Número de clasificación (OCLC) (R) ; Numero de clasificación, CALL (RLIN) (NR) T.C.663
Número cutter local (OCLC) ; Número de libro/Signatura topográfica íntegra, CALL (RLIN) B84 IA
Año 2015
245 10 - MENCIÓN DE TÍTULO
Título Antecedentes bibliográficos de 5 sistemas, productos y caracterización de 25 agroindustrias en los estados mexicanos de Sinaloa, Nayarit, Jalisco, Guanajuato y Querétaro /
Mención de responsabilidad, etc. coordinadora María Ofelia Buendía González ; colaboradores Luis Fernando Arroyo Dosseti...[y otros]
260 ## - PUBLICACIÓN, DISTRIBUCIÓN, ETC.
Lugar de publicación, distribución, etc. México :
Nombre del editor, distribuidor, etc. El Autor,
Fecha de publicación, distribución, etc. 2015
300 ## - DESCRIPCIÓN FÍSICA
Extensión iii, 331 páginas :
Otras características físicas ilustraciones, diagramas, gráficas, mapas, tablas, fotos
336 ## - TIPO DE CONTENIDO
Fuente rdacontent
Término de tipo de contenido texto
Código de tipo de contenido txt
337 ## - TIPO DE MEDIO
Fuente rdamedia
Nombre/término del tipo de medio no mediado
Código del tipo de medio n
338 ## - TIPO DE SOPORTE
Fuente rdacarrier
Nombre/término del tipo de soporte volumen
Código del tipo de soporte nc
500 ## - NOTA GENERAL
Nota general Grado: 4° año Grupo: 01<br/>Directorio: páginas 328-331
502 ## - NOTA DE TESIS
Nota de tesis Viaje de estudios
Tipo de título (IA) --
Nombre de la institución que otorga el título UACh. Departamento de Ingeniería Agroindustrial,
Año de obtención del título 2015
504 ## - NOTA DE BIBLIOGRAFÍA, ETC.
Nota de bibliografía, etc. Bibliografía: páginas 317-327
505 00 - NOTA DE CONTENIDO CON FORMATO
Título Empresas visitadas: --<br/>1.Productos de leche de Acatic, S. C. L. --<br/>2. Alimentos La Concordia, S. A. de C. V. --<br/>3. Cervecería del Pacífico, S. de R. L. de C. V. --<br/>4. Rastro Municipal de Querétaro TIF 412 --<br/>5. Alimentos Eco Pacific Food, S. A. de C. V. --<br/>6. Congeladora Oceánica, S. A. de C. V. --<br/>7. Rastro Municipal de Mazatlán, Sinaloa, Rafael Domínguez --<br/>8. Rastro Municipal de aves de León, Guanajuato --<br/>9. Tequila Don Valente --<br/>10. Vinata Santa Clara, S. A. de C. V. --<br/>11. Finca Sala Vivé by Freixenet México --<br/>12. Forrajes Tesistan, S. A. de C. V. --<br/>13. Maz Industrial, S. A. de C. V. --<br/>14. Alimentos Balanceados PREVITEP --<br/>15. La India Verdeña, S. A. de C. V. --<br/>16. BIMBO, S. A. de C. V. --<br/>17. Harinera Seis Hermanos, S. A. de C. V. --<br/>18. Industrializadora Oleofinos, S. A. de C. V. --<br/>19. CITRO FRUT, S. A. de C. V. --<br/>20. Empaque Don Jorge, S. A. de C. V. --<br/>21. Xtra Congelados Naturales, S. A. de C. V. --<br/>22. Cristalita, S. A. de C. V. --<br/>23. Roberto´s Mangos, S. A. de C. V. --<br/>24. Fábrica de dulces Marmor, S. A. de C. V. --<br/>25. Ingenio El molino, S. A. de C. V.
650 13 - PUNTO DE ACCESO ADICIONAL DE MATERIA--TÉRMINO DE MATERIA
Término de materia o nombre geográfico como elemento de entrada Edulcorantes
9 (RLIN) 35703
650 13 - PUNTO DE ACCESO ADICIONAL DE MATERIA--TÉRMINO DE MATERIA
Término de materia o nombre geográfico como elemento de entrada Fruta (alimentos)
9 (RLIN) 157059
650 13 - PUNTO DE ACCESO ADICIONAL DE MATERIA--TÉRMINO DE MATERIA
Término de materia o nombre geográfico como elemento de entrada Hortalizas
9 (RLIN) 150602
650 13 - PUNTO DE ACCESO ADICIONAL DE MATERIA--TÉRMINO DE MATERIA
Término de materia o nombre geográfico como elemento de entrada Industria alimentaria
9 (RLIN) 141176
650 13 - PUNTO DE ACCESO ADICIONAL DE MATERIA--TÉRMINO DE MATERIA
Término de materia o nombre geográfico como elemento de entrada Industria cervecera
9 (RLIN) 57799
650 13 - PUNTO DE ACCESO ADICIONAL DE MATERIA--TÉRMINO DE MATERIA
Término de materia o nombre geográfico como elemento de entrada Industria del vino
9 (RLIN) 151418
650 13 - PUNTO DE ACCESO ADICIONAL DE MATERIA--TÉRMINO DE MATERIA
Término de materia o nombre geográfico como elemento de entrada Industria lechera
9 (RLIN) 57819
650 13 - PUNTO DE ACCESO ADICIONAL DE MATERIA--TÉRMINO DE MATERIA
Término de materia o nombre geográfico como elemento de entrada Brewing industry
9 (RLIN) 151423
650 13 - PUNTO DE ACCESO ADICIONAL DE MATERIA--TÉRMINO DE MATERIA
Término de materia o nombre geográfico como elemento de entrada Wine industry
9 (RLIN) 151419
650 13 - PUNTO DE ACCESO ADICIONAL DE MATERIA--TÉRMINO DE MATERIA
Término de materia o nombre geográfico como elemento de entrada Dairy industry
9 (RLIN) 147323
650 13 - PUNTO DE ACCESO ADICIONAL DE MATERIA--TÉRMINO DE MATERIA
Término de materia o nombre geográfico como elemento de entrada Feed industry
9 (RLIN) 149936
650 13 - PUNTO DE ACCESO ADICIONAL DE MATERIA--TÉRMINO DE MATERIA
Término de materia o nombre geográfico como elemento de entrada Fruits (food)
9 (RLIN) 158619
650 13 - PUNTO DE ACCESO ADICIONAL DE MATERIA--TÉRMINO DE MATERIA
Término de materia o nombre geográfico como elemento de entrada Horticultural products industry
9 (RLIN) 151427
650 13 - PUNTO DE ACCESO ADICIONAL DE MATERIA--TÉRMINO DE MATERIA
Término de materia o nombre geográfico como elemento de entrada Oilseeds
9 (RLIN) 152851
650 13 - PUNTO DE ACCESO ADICIONAL DE MATERIA--TÉRMINO DE MATERIA
Término de materia o nombre geográfico como elemento de entrada Oleaginosas
9 (RLIN) 143465
650 13 - PUNTO DE ACCESO ADICIONAL DE MATERIA--TÉRMINO DE MATERIA
Término de materia o nombre geográfico como elemento de entrada Sweeteners
9 (RLIN) 161501
700 1# - PUNTO DE ACCESO ADICIONAL--NOMBRE DE PERSONA
Nombre de persona Buendía González, María Ofelia
9 (RLIN) 150532
Término indicativo de función/relación coordinadora
700 1# - PUNTO DE ACCESO ADICIONAL--NOMBRE DE PERSONA
Nombre de persona Arroyo Dosseti, Luis Fernando
9 (RLIN) 159570
Término indicativo de función/relación colaborador
856 42 - LOCALIZACIÓN Y ACCESO ELECTRÓNICOS
Identificador Uniforme del Recurso <a href="http://10.13.5.2/ve/TC663IA/TC663IA2015-REPORTE.pdf">http://10.13.5.2/ve/TC663IA/TC663IA2015-REPORTE.pdf</a>
Texto de enlace DESCARGAR REPORTE
942 ## - ELEMENTOS DE PUNTO DE ACCESO ADICIONAL (KOHA)
Fuente del sistema de clasificación o colocación Clasificación Universidad Autónoma de Chapingo
901 ## - ELEMENTOS DE DATOS A LOCAL LDA (RLIN)
a T.C.663 B84 IA 2015
902 ## - ELEMENTOS DE DATOS B LOCAL, LDB (RLIN)
a M
905 ## - ELEMENTOS DE DATOS E LOCAL, LDE (RLIN)
a 5232272015 mx nmbl8223123322spa16
942 ## - ELEMENTOS DE PUNTO DE ACCESO ADICIONAL (KOHA)
Tipo de ítem Koha Viaje de Estudios
Holdings
Estado de retiro Estado de pérdida Fuente del sistema de clasificación o colocación Estado dañado Restricciones de uso No para préstamo Código de colección Localización permanente Ubicación/localización actual Fecha de adquisición Fuente de adquisición Total de préstamos Signatura topográfica completa Código de barras Fecha visto por última vez Número de copia Precio válido a partir de Tipo de ítem Koha Fecha del último préstamo Ubicación en estantería
    Clasificación Universidad Autónoma de Chapingo   Préstamo interno   Viajes de Estudio Ingenieria Agroindustrial Ingenieria Agroindustrial 18/01/2022 El autor   T.C.663 B84 IA 2015 1106009020 18/01/2022 Ej.3 18/01/2022 CD    
    Clasificación Universidad Autónoma de Chapingo   Préstamo interno   Viajes de Estudio Ingenieria Agroindustrial Ingenieria Agroindustrial 18/01/2022 El autor   T.C.663 B84 IA 2015 1106009049 18/01/2022 Ej.4 18/01/2022 CD    
    Clasificación Universidad Autónoma de Chapingo   Préstamo interno   Viajes de Estudio Ingenieria Agroindustrial Ingenieria Agroindustrial 18/01/2022 El autor   T.C.663 B84 IA 2015 1106009019 26/01/2026 Ej.1 18/01/2022 Viaje de Estudios    
    Clasificación Universidad Autónoma de Chapingo   Préstamo 5 días   Viajes de Estudio Ingenieria Agroindustrial Ingenieria Agroindustrial 18/01/2022 El autor 1 T.C.663 B84 IA 2015 1106009030 26/01/2026 Ej.2 18/01/2022 Viaje de Estudios 07/05/2024  
    Clasificación Universidad Autónoma de Chapingo       Viajes de estudio - En línea Ingenieria Agroindustrial Ingenieria Agroindustrial 18/01/2022 El autor   T.C.663 B84 IA 2015 1206009019 25/04/2024   25/04/2024 Viajes de Estudio - En línea   En línea